Знаменитости в Челябинске (Запись № 10407713)

Подробности
000 -МАРКЕР
контрольное поле 01829nam0a2200337 4500
001 - ИДЕНТИФИКАТОР ЗАПИСИ
контрольное поле RU\NLR\BIBL_A\010566952
005 - ИДЕНТИФИКАТОР ВЕРСИИ
контрольное поле 201508050503
010 ## - МЕЖДУНАРОДНЫЙ СТАНДАРТНЫЙ НОМЕР КНИГИ (ISBN)
Номер (ISBN) 978-5-903966-35-6
Тираж 800
021 ## - НОМЕР ГОСУДАРСТВЕННОЙ РЕГИСТРАЦИИ
Код страны Российская Федерация
Номер 2014-79497
Номер Листа государственной регистраци 4853
035 ## - ДРУГИЕ СИСТЕМНЫЕ НОМЕРА
Идентификатор записи (NLR Aleph) 010566952
035 ## - ДРУГИЕ СИСТЕМНЫЕ НОМЕРА
Идентификатор записи (NILC)RuMoRGB-007570698
100 ## - ДАННЫЕ ОБЩЕЙ ОБРАБОТКИ
Данные общей обработки 20141216d2014 u y0rusy50 ca
101 0# - ЯЗЫК РЕСУРСА
Язык текста, звукозаписи и т.д. русский
102 ## - СТРАНА ПУБЛИКАЦИИ ИЛИ ПРОИЗВОДСТВА
Страна публикации Российская Федерация
105 ## - ПОЛЕ КОДИРОВАННЫХ ДАННЫХ: ТЕКСТОВЫЕ МАТЕРИАЛЫ, МОНОГРАФИЧЕСКИЕ
Кодированные данные о монографическом текстовом документе c|||z|||000yd
200 1# - ЗАГЛАВИЕ И СВЕДЕНИЯ ОБ ОТВЕТСТВЕННОСТИ
Основное заглавие Знаменитости в Челябинске
Сведения, относящиеся к заглавию говорят, что здесь бывали…
-- [очерки]
Первые сведения об ответственности Владимир Боже, Екатерина Боже
210 ## - ПУБЛИКАЦИЯ, РАСПРОСТРАНЕНИЕ И ДР.
Место издания, распространения и т.д. Челябинск
Имя издателя, распространителя и т. д. Изд-во Игоря Розина
Дата издания, распространения и т.д. 2014
215 ## - ФИЗИЧЕСКАЯ ХАРАКТЕРИСТИКА
Специфическое обозначение материала и объем 240, [1] с.
Другие сведения о физической характеристике ил., портр.
Размеры 21
225 1# - СЕРИЯ
Основное заглавие серии Культурные ландшафты Урала
Наименование части Перекрестки судеб
Сведения об ответственности ред. совет: Владимир Рушанин (пред.) [и др.]
327 0# - ПРИМЕЧАНИЯ О СОДЕРЖАНИИ
Текст примечания Содерж.: о К. Бальмонте, А. Вертинском, А. Вяльцевой, Л. Кагановиче, А. Керенском, В. Козине, В. Комиссаржевской, М. Ладыниной, В. Мессинге, Л. Орловой [и др.]
606 1# - НАИМЕНОВАНИЕ ТЕМЫ КАК ПРЕДМЕТ
Наименование темы Искусство русское
Географический подзаголовок Челябинск, город
Хронологический подзаголовок 20 в.
Системный номер авторитетной/нормативной записи 2241961
Идентификатор авторитетной/нормативной записи RU\NLR\AUTH\6601576542
686 1# - ИНДЕКСЫ ДРУГИХ КЛАССИФИКАЦИЙ
Индекс Щ03(2Р=Рус)7-692Челябинск
700 #1 - ИМЯ ЛИЦА - ПЕРВИЧНАЯ ОТВЕТСТВЕННОСТЬ
Графика поля Кириллица
Материалы, к которым относится поле rus
Начальный элемент ввода Боже
Часть имени, кроме начального элемента ввода В. С.
Даты 1956-
Расширение инициалов личного имени Владимир Стейгонович
Системный номер авторитетной/нормативной записи 114655
Идентификатор авторитетной/нормативной записи RU\NLR\AUTH\774678
701 #1 - ИМЯ ЛИЦА - АЛЬТЕРНАТИВНАЯ ОТВЕТСТВЕННОСТЬ
Графика поля Кириллица
Материалы, к которым относится поле rus
Начальный элемент ввода Боже
Часть имени, кроме начального элемента ввода Е. В.
Расширение инициалов личного имени Екатерина Владимировна
Системный номер авторитетной/нормативной записи 2706841
Идентификатор авторитетной/нормативной записи RU\NLR\AUTH\770292890
801 #0 - ИСТОЧНИК ЗАПИСИ
Страна Российская Федерация
Организация РГБ
Дата составления 20141021
Правила каталогизации RCR
942 ## - ДОПОЛНИТЕЛЬНЫЕ ЭЛЕМЕНТЫ ЗАПИСИ (АБИС)
Тип экземпляра АБИС Книга
980 ## - КОЛЛЕКЦИЯ
Название коллекции НБР
980 ## - КОЛЛЕКЦИЯ
Название коллекции Национальная библиография

Нет доступных экземпляров.